Chiến lược dữ liệu - Lợi thế vượt trội từ big data, phân tích dữ liệu & IoT

সংরক্ষণ করুন:
গ্রন্থ-পঞ্জীর বিবরন
প্রধান লেখক: Marr, Bernard
অন্যান্য লেখক: Huỳnh, Tấn Tài
বিন্যাস: গ্রন্থ
প্রকাশিত: Tp. Hồ Chí Minh Tổng hợp Tp. Hồ Chí Minh ; Công ty Văn hoá Sáng tạo Trí Việt 2019
বিষয়গুলি:
ট্যাগগুলো: ট্যাগ যুক্ত করুন
কোনো ট্যাগ নেই, প্রথমজন হিসাবে ট্যাগ করুন!
Thư viện lưu trữ: Trung tâm Học liệu Lê Vũ Hùng, Trường Đại học Đồng Tháp
LEADER 01159pam a22002898a 4500
001 00044940
005 20191017081030.0
008 161121s2013 ||||||Viesd
020 # # |c 158000  |a 9786045884430 
041 0 # |a Vie 
082 1 4 |a 658.4  |b CH305L 
100 # # |a Marr, Bernard 
245 0 0 |a Chiến lược dữ liệu - Lợi thế vượt trội từ big data, phân tích dữ liệu & IoT  |c Bernard Marr ; Huỳnh Tấn Tài (dịch) 
260 # # |a Tp. Hồ Chí Minh  |b Tổng hợp Tp. Hồ Chí Minh ; Công ty Văn hoá Sáng tạo Trí Việt  |c 2019 
300 # # |a 271 tr.  |c 24 cm 
500 # # |a Tên sách tiếng Anh: Data strategy - How to profit from a world of big data, analytics and the internet of things 
653 # # |a Chiến lược 
653 # # |a Thành công 
653 # # |a Quản lí 
653 # # |a Phân tích 
653 # # |a Dữ liệu 
653 # # |a Kinh doanh 
700 # # |a Huỳnh, Tấn Tài 
700 # # |e Dịch 
852 # # |j KD.0026353  |j KM.0033270 
910 0 # |d 17/10/2019 
980 # # |a Trung tâm Học liệu Lê Vũ Hùng, Trường Đại học Đồng Tháp